000
00263nam a2200109Ia 4500
008
220204s9999 xx 000 0 und d
082
_a
301
_b
PET
100
_a
Peterson, W A
245
0
_a
Art of living
260
_a
New York
_b
Simon and Shcuster
_c
1961
942
_c
BK
999
_c
32090
_d
32090